| 000 | 01008nas a2200265 i 4500 | ||
|---|---|---|---|
| 001 | 2884 | ||
| 003 | ES-MaACL | ||
| 005 | 20250522203334.0 | ||
| 007 | t| | ||
| 008 | 030619d18711906sp | | 0 ||pa d | ||
| 022 | _a1886-8487 | ||
| 080 | _a821.134.2 Cervantes Saavedra, Miguel de | ||
| 245 | 0 | 0 |
_aCrónica de los cervantistas _b: publicación literaria / _cfundador y director, Ramón León Maínez. |
| 260 |
_aCádiz : _b[s.n.], _c1871-1906. |
||
| 300 |
_a2 v. ; _c22 cm. |
||
| 362 | 0 | _aAño 1, n. 1 ([7 oct.] 1871)-1906. | |
| 530 | _aDisponible en formato digital. | ||
| 600 | 1 | 4 |
_aCervantes Saavedra, Miguel de, _d1547-1616 _9226514 |
| 700 | 1 |
_aLeón Máinez, Ramón, _d1846-1917 _971628 |
|
| 852 |
_aES-MaACL _jT-182-F-3 |
||
| 852 |
_aES-MaACL _jT-171-F-9 |
||
| 856 |
_uhttp://bibliotecadigital.jcyl.es/es/consulta/registro.cmd?id=14051 _zBiblioteca Digital de Castilla y León |
||
| 866 | 0 | _o(1874-1875). | |
| 999 |
_c2884 _d2884 |
||